Регионална библиотека "Любен Каравелов" - Русе

40 години Народна опера Русе (Запис номер 198325)

MARC детайли
000 -Лидер
Контролно поле с фиксирана дължина 01281nam a2200325 c 4500
003 - Код на организацията, давaща контролен номер
Контролно поле BLK
005 - Дата и час на последна редакция
Контролно поле 20241207151937.0
008 - Елементи от данни с фиксирана дължина
fixed length control field 180411b bul|||||r ||||||| ||bul||
010 ## - Наследен системен номер
LC control number KNG00207669000
040 ## - Източник на каталожния запис
Идентификатор на билиотеката - собственик на записа BLK
041 ## - Код за език
Код за езика на текст/звукозапис или на отделно заглавие Български
Код за езика КДБФ Български
080 ## - УДК
Текстов определител УДК Оперни театри. Театри за опера и балет. Вж и 792.8
УДК код - определител по УДК 792.54
УДК определител (497.2)(091)
УДК - код + определител 792.54(497.2)(091)
139 ## - Редно поле
Редна дума 40 години Народна опера - Русе
Авторски знак Чет - Ч 75
245 10 - Сведения за заглавието
Заглавие 40 години Народна опера Русе
Подзаглавни данни Сезон 1989/1990
Редно поле (дума) състав. Йоанна Бакалова-Градева.
257 ## - Страна на издаване
Страна на създаване/издаване България
260 ## - Област на издателските данни
Име на издателя, разпространителя и проч. Център за пропаганда, информ. и печат при К-та за култура
Година на издаване 1989
300 ## - Физическа характеристика
Страници 81 с.
Илюстрации и др. със сн.
380 ## - Жанр
Жанр Изкуство
650 #0 - Допълнително описание по предмет – тема
Основно описание – тема или топоним Опера - България
9 (RLIN) 269297
651 #4 - Допълнително описание по предмет - топоним
Географско понятие Русе
9 (RLIN) 179462
653 ## - Ключова дума – ненормативна
Ключова дума Опера
700 ## - Други автори (авторска отговорност)
Лично име Бакалова-Градева, Йоанна Веселинова
Друга информация Музиколог
9 (RLIN) 348235
852 ## - Местоположение
Форматна сигнатура Цб 162965
856 4# - Електронен адрес и достъп
Електронен формат pdf - файл
856 4# - Електронен адрес и достъп
Електронен формат pdf - файл
999 ## - СИСТЕМНИ КОНТРОЛНИ НОМЕРА
Koha biblionumber 198325
Koha biblioitemnumber 198325
942 ## - АРТИКУЛИ
Вид на библиотечния материал Книги
Скрит в OPAC Не
Периодичен библиозапис Да
Koha issues (borrowed), all copies 1
944 ## - СЪЗДАВАНЕ И РЕДАКЦИЯ на ЗАПИСА
Създаване/Редакция Създаване
Дата на регистрацията/редакция 08.06.2017
Служител, извършил регистрацията/редакцията 30560
Статус, дата на статуса Геновева Генчева
944 ## - СЪЗДАВАНЕ И РЕДАКЦИЯ на ЗАПИСА
Създаване/Редакция Редакция
Дата на регистрацията/редакция 08.06.2017
Служител, извършил регистрацията/редакцията Теодора_Стоянова
999 ## - СИСТЕМНИ КОНТРОЛНИ НОМЕРА
Koha biblioitemnumber 198325
Наличности
Код за отписване Код за изгубен артикул Източник на класификационната схема Код за повреда Коз за рестрикции Код за отдаване Артикулен № Име на библиотеката - собственик Име на библиотеката, в която се намира в момента Статус (Текущо местоположение) Дата на вписване в системата Местоположение - отдел Цена в лева Инвентарен номер Систематично азбучна сигнатура Баркод Номер на екземпляра Цена в евро Служебна бележка Служебен тип на артикула
  Не е изгубен Universal Decimal Classification Не е повреден без рестрикции ползва се в читалня 344913 Регионална библиотека "Любен Каравелов" Русе Регионална библиотека "Любен Каравелов" Русе Хранилище 1989-01-01 Хранилище 0.00 536428 Цб 162965 120000536428 1 0.00 Дост: Dp Вид: Сф Дата: 01.01.1989 Книги
  Не е изгубен Universal Decimal Classification Не е повреден само за читалня ползва се в читалня 876119 Регионална библиотека "Любен Каравелов" Русе Регионална библиотека "Любен Каравелов" Русе Краезнание 2022-03-17 Краезнание 2.00   К 792/Ч 75 120000869076   1.02   Книги
Vip Innovations Ltd, Rousse, Bulgaria 2025